ORAS Pokédex - Omega Ruby + Alpha Sapphire - Statistics

General Stats
  • This quiz has been taken 31 times
  • The average score is 184 of 211
Answer Stats
Answer % Correct
Groudon
100%
Kyogre
100%
Latias
100%
Latios
100%
Mightyena
100%
Pichu
100%
Pikachu
100%
Poochyena
100%
Raichu
100%
Regice
100%
Regirock
100%
Registeel
100%
Swellow
100%
Taillow
100%
Anorith
94%
Armaldo
94%
Bagon
94%
Baltoy
94%
Beautifly
94%
Beldum
94%
Bellossom
94%
Blaziken
94%
Camerupt
94%
Cascoon
94%
Claydol
94%
Combusken
94%
Cradily
94%
Delcatty
94%
Deoxys
94%
Dustox
94%
Electrike
94%
Geodude
94%
Gloom
94%
Golem
94%
Graveler
94%
Grovyle
94%
Grumpig
94%
Gyarados
94%
Hariyama
94%
Jirachi
94%
Kecleon
94%
Lileep
94%
Linoone
94%
Lombre
94%
Lotad
94%
Ludicolo
94%
Lunatone
94%
Machamp
94%
Machoke
94%
Machop
94%
Magcargo
94%
Magikarp
94%
Magnemite
94%
Magneton
94%
Magnezone
94%
Makuhita
94%
Manectric
94%
Marshtomp
94%
Metagross
94%
Metang
94%
Mudkip
94%
Nosepass
94%
Numel
94%
Nuzleaf
94%
Oddish
94%
Pelipper
94%
Probopass
94%
Rayquaza
94%
Relicanth
94%
Salamence
94%
Sceptile
94%
Seedot
94%
Shelgon
94%
Shiftry
94%
Silcoon
94%
Skitty
94%
Slugma
94%
Solrock
94%
Swampert
94%
Torchic
94%
Torkoal
94%
Treecko
94%
Tropius
94%
Vileplume
94%
Wingull
94%
Wurmple
94%
Zigzagoon
94%
Abra
88%
Absol
88%
Aggron
88%
Alakazam
88%
Altaria
88%
Aron
88%
Barboach
88%
Breloom
88%
Budew
88%
Carvanha
88%
Clamperl
88%
Corphish
88%
Crawdaunt
88%
Crobat
88%
Electrode
88%
Exploud
88%
Feebas
88%
Flygon
88%
Gallade
88%
Gardevoir
88%
Golbat
88%
Gorebyss
88%
Heracross
88%
Huntail
88%
Illumise
88%
Kadabra
88%
Kirlia
88%
Lairon
88%
Loudred
88%
Masquerain
88%
Medicham
88%
Meditite
88%
Milotic
88%
Minun
88%
Nincada
88%
Ninetales
88%
Ninjask
88%
Plusle
88%
Ralts
88%
Roselia
88%
Roserade
88%
Sableye
88%
Sandshrew
88%
Sandslash
88%
Sealeo
88%
Sharpedo
88%
Shedinja
88%
Shroomish
88%
Slaking
88%
Slakoth
88%
Spheal
88%
Spinda
88%
Spoink
88%
Surskit
88%
Swablu
88%
Trapinch
88%
Vibrava
88%
Vigoroth
88%
Volbeat
88%
Voltorb
88%
Vulpix
88%
Wailmer
88%
Wailord
88%
Walrein
88%
Whiscash
88%
Whismur
88%
Wobbuffet
88%
Wynaut
88%
Zubat
88%
Banette
81%
Castform
81%
Chimecho
81%
Chingling
81%
Dusclops
81%
Dusknoir
81%
Duskull
81%
Froslass
81%
Glalie
81%
Goldeen
81%
Luvdisc
81%
Mawile
81%
Pinsir
81%
Rhydon
81%
Rhyhorn
81%
Rhyperior
81%
Seaking
81%
Seviper
81%
Shuppet
81%
Skarmory
81%
Snorunt
81%
Swalot
81%
Tentacool
81%
Tentacruel
81%
Cacnea
75%
Cacturne
75%
Chinchou
75%
Gulpin
75%
Igglybuff
75%
Jigglypuff
75%
Lanturn
75%
Wigglytuff
75%
Zangoose
75%
Azumarill
69%
Azurill
69%
Dodrio
69%
Doduo
69%
Horsea
69%
Kingdra
69%
Koffing
69%
Marill
69%
Natu
69%
Seadra
69%
Starmie
69%
Staryu
69%
Weezing
69%
Xatu
69%
Donphan
63%
Golduck
63%
Grimer
63%
Muk
63%
Phanpy
63%
Psyduck
63%
Corsola
56%
Girafarig
56%
No matching quizzes found
Score Distribution
Percent of People with Each Score
Percentile by Number Answered
Your Score History
You have not taken this quiz